Statistics for Most populous countries in 1700

Click here to take the quiz!

General Stats

  • This quiz has been taken 41 times
  • The average score is 11 of 20

Answer Stats

PopulationCountry% Correct
9MBritish Empire
97%
24MSpanish Empire
92%
13MTsardom of Russia
89%
21MFrench Empire
87%
2MPortuguese Empire
87%
27MTokugawa Japan
82%
24MOttoman Empire
79%
27MHoly Roman Empire
66%
210MQing Empire
61%
4MSafavid Iran
61%
9MHabsburg Monarchy
55%
2MSwedish Empire
53%
4MMorocco
39%
158MMughal Empire
37%
8MDai Viet
34%
9MPolish-Lithuanian Commonwealth
29%
2MRepublic of Venice
24%
3MNepal
16%
12MJoseon
13%
2MAyutthaya Empire
8%

Score Distribution

Percentile by Number Answered

Percent of People with Each Score

Your Score History

You have not taken this quiz